Statistics for Most Popular Sports by Country

Click here to take the quiz!

General Stats

  • This quiz has been taken 42 times
  • The average score is 11 of 19

Answer Stats

Hint Number of Countries Answer % Correct
Brazil56Soccer
100%
India5Cricket
90%
United States1American Football
90%
Australia1Australian Football
90%
Canada6Ice Hockey
88%
New Zealand1Rugby
78%
Cuba3Baseball
78%
China12Basketball
76%
Croatia6Tennis
73%
Costa Rica4Water Sports
73%
Democratic Republic of the Congo6Wrestling
54%
Hungary3Boxing
39%
Guatemala2Martial Arts
29%
North Macedonia1Team Handball
24%
Mongolia1Motor Sports
24%
El Salvador2Cycling
22%
Armenia1Skating
12%
Estonia1Cue Sports (Pool, Billiards, Snooker, etc.)
7%
Uruguay1Skateboarding
2%

Score Distribution

Percentile by Number Answered

Percent of People with Each Score

Your Score History

You have not taken this quiz